00702nam a2200217 a 4500001001000000003000900010005001700019007000300036008004100039020001500080040002500095082002400120100003600144245010400180260003800284300002000322650002200342650002700364700002200391710007100413000044468DO-SdBNP20240412074303.0ta140702s2006 dr 000 0 spa d a9945405608 aDO-SdBNPbspacBNPHU 4aRD862.44bG216f2221 aGarcía Guerra, Iván,d1938-10aFábula de los cinco caminantes /cIván García Guerra ; edición y diagramación Iris Canos. aSanto Domingo :bEDUCARTE,c2006. a46 p. ;c21 cm.10aTeatro dominicano10aLiteratura dominicana.12aCanos, Iris,eed.2 aFundación para la Educación y el Arte (República Dominicana)